000 00540 a2200205 4500
005 20240709162656.0
008 240709b |||||||| |||| 00| 0 eng d
020 _a9789391945787
_cRs. 895.00
040 _aMAIN
082 _a301.24
_bK141S
100 _aKapadiya, Suniti
245 _aSocial problems and social change
260 _bMark Publishers
_c2022
_aJaipur
300 _a219
650 _aSocial Psychology
650 _aUrban Sociology
650 _aWomen Literacy
650 _aSocial Psychology-Research
942 _cBK
999 _c312196
_d312196